Women breadwinners: (Record no. 508392)

000 -LEADER
fixed length control field 00432nam a2200145 4500
008 - FIXED-LENGTH DATA ELEMENTS--GENERAL INFORMATION
fixed length control field 190320b ||||| |||| 00| 0 eng d
100 ## - MAIN ENTRY--PERSONAL NAME
Personal name Chaudhuri, Saswati
245 ## - TITLE STATEMENT
Title Women breadwinners:
Remainder of title a study of women work participation in the slums of Kolkata
260 ## - PUBLICATION, DISTRIBUTION, ETC. (IMPRINT)
Date of publication, distribution, etc 2018
300 ## - PHYSICAL DESCRIPTION
Extent p.85-99.
650 ## - SUBJECT ADDED ENTRY--TOPICAL TERM
Topical term or geographic name as entry element Slums - India - Kolkata
9 (RLIN) 3714
773 ## - HOST ITEM ENTRY
Main entry heading Urban India
906 ## - LOCAL DATA ELEMENT F, LDF (RLIN)
Subject DIP Women - India - Kolkata
942 ## - ADDED ENTRY ELEMENTS (KOHA)
Source of classification or shelving scheme
Item type Articles
Holdings
Withdrawn status Lost status Source of classification or shelving scheme Damaged status Not for loan Permanent location Current location Date acquired Serial Enumeration / chronology Barcode Date last seen Koha item type
          Indian Institute of Public Administration Indian Institute of Public Administration 2019-03-20 38(2), Jul-Dec, 2018: p.85-99. AR119305 2019-03-20 Articles

Powered by Koha